| 000 | 00832nam a2200253Ia 4500 | ||
|---|---|---|---|
| 003 | GCL | ||
| 005 | 20240530095238.0 | ||
| 008 | 140319s9999 xx 000 0 ara d | ||
| 020 | _a0376208977 | ||
| 040 |
_aGCL / _cGCL |
||
| 082 | 0 | 4 |
_a925 _bق/م م |
| 100 | 1 | _aمحمد الجوادى | |
| 245 | 1 | 0 |
_aمشرفة بين الذرة والذروة : _bسيرة حياة على مصطفى مشرفة 1898-1950 / _cمحمد الجوادى |
| 250 | _aالثانية | ||
| 260 |
_aالقاهرة : _bمكتبة مدبولى ، _c2003 |
||
| 300 |
_a270 ص ؛ _c24 سم |
||
| 490 |
_aصفحات من تاريخ مصر _v51 |
||
| 650 | 0 | 4 | _aالعلماء |
| 650 | 0 | 4 | _aالذرة |
| 650 | 0 | 4 | _aالعلماء المصريون |
| 650 | 0 | 4 | _aالعلوم - تاريخ |
| 650 | 0 | 4 | _aعلى مصطفى مشرفة |
| 942 |
_2ddc _cBK |
||
| 999 |
_c5382 _d5382 |
||